000 00399nam a2200157 4500
001 43135
090 _a43135
100 _a20240529 pory50
101 _aing
102 _aING
200 _aLogman Language activator
_ethe wold's first production dictionary
210 _aHarlow
_cLongman Corpus Network
_dimp. 1996
215 _a1587 , B. 11 p.
675 _a(038)
801 _aPT
_gRPC
990 _cLIVROS